Praktické skúsenosti z chovu matiek

Bibliographic Details
Main Author: Zimmermann, Gejza (Author)
Format: Article
Language:Slovak

MARC

LEADER 00000nab a2200000ua 4500
001 vtls010787381
003 SK-MaSNL
005 20260303120242.0
008 230131s1977 xo |||||||||||||||||slo|
035 |a (urnnbn)urn:nbn:sk:snk:ar-a00656 
035 |a (uuid)6ed7e856-caab-4288-8ced-3e2142f43777 
035 |a urn:nbn:sk:snk-ab5122 
040 |a SNKBUCL  |b slo  |c SNKBUCL  |e AACR2 
041 0 |a slo 
044 |a xo  |c SK 
100 1 |a Zimmermann, Gejza  |4 aut  |9 1132695 
245 1 0 |a Praktické skúsenosti z chovu matiek  |c Gejza Zimmermann 
773 0 |t Včelár : odborný časopis Povereníctva poľnohospodárstva a lesného hospodárstva a Ústredia včelárskych združení na Slovensku  |g Roč. 51, č. 6 (1977), s. 130-131 
954 |a odborná, vedecká literatúra pôvodná (slovenská)  |2 lita 
958 |a OND 
958 |a EUIPO 
958 |a article3 
999 |c 1908427  |d 1910357